Моделирование электромагнитных полей в электротехнических устройствах

Dades bibliogràfiques
Altres autors: Степанов А. Е. Аркадий Евгеньевич (редактор), Сикора Р. А. Рышард Антонович
Idioma:rus
Publicat: Киев, Тэхника, 1990
Matèries:
Format: MixedMaterials Llibre
KOHA link:https://koha.lib.tpu.ru/cgi-bin/koha/opac-detail.pl?biblionumber=168136

MARC

LEADER 00000nam0a2200000 4500
001 168136
005 20231031163024.0
010 |a 5335002026 
035 |a (RuTPU)RU\TPU\book\182416 
090 |a 168136 
100 |a 20091024d1990 k y0rusy50 ca 
101 0 |a rus 
102 |a UA 
105 |a a z 001zy 
200 1 |a Моделирование электромагнитных полей в электротехнических устройствах  |f под ред. А. Е. Степанова, Р. А. Сикора 
210 |a Киев  |c Тэхника  |d 1990 
215 |a 188 с.  |c ил. 
320 |a Библиогр.: с. 178-187. 
610 1 |a электрические установки 
610 1 |a электромагнитное поле 
610 1 |a математическое моделирование 
610 1 |a построение 
675 |a 621.31.01  |v 3 
702 1 |a Степанов  |b А. Е.  |g Аркадий Евгеньевич  |4 340 
702 1 |a Сикора  |b Р. А.  |g Рышард Антонович  |4 340 
801 1 |a RU  |b 63413507  |c 20091024 
801 2 |a RU  |b 63413507  |c 20100824  |g RCR 
942 |c BK